000 00458nam a22001817a 4500
003 NUST - PNEC
005 20170116180752.0
008 150312b xxu||||| |||| 00| 0 eng d
020 _a-
040 _cLIBRARY
082 _a891.439 WAS
100 _91771
_aWasif Ali Wasif
245 _aBat Se Bat
_cWasif Ali Wasif
260 _aLahore
_bKashif Publications
_cc1995
300 _a159 p. :
650 _91769
_aUrdu Literature
_xGeneral
942 _2ddc
_cBK
999 _c62592
_d62592